Sociology themes and perspectives (Record no. 3126)
[ view plain ]
| 000 -LEADER | |
|---|---|
| fixed length control field | 00267nam a22001217a 4500 |
| 082 ## - DEWEY DECIMAL CLASSIFICATION NUMBER | |
| Classification number | 301 |
| 100 ## - MAIN ENTRY--PERSONAL NAME | |
| Personal name | Haralambos |
| 245 ## - TITLE STATEMENT | |
| Title | Sociology themes and perspectives |
| 250 ## - EDITION STATEMENT | |
| Edition statement | 5th ed |
| 260 ## - PUBLICATION, DISTRIBUTION, ETC. | |
| Place of publication, distribution, etc. | Lahore |
| Name of publisher, distributor, etc. | National Book Foundation |
| 300 ## - PHYSICAL DESCRIPTION | |
| Extent | 1116p |
| 942 ## - ADDED ENTRY ELEMENTS (KOHA) | |
| Koha item type | Book |
| Withdrawn status | Lost status | Damaged status | Not for loan | Collection code | Permanent Location | Current Location | Shelving location | Date acquired | Total Checkouts | Full call number | Barcode | Date last seen | Date last checked out | Price effective from | Koha item type |
|---|---|---|---|---|---|---|---|---|---|---|---|---|---|---|---|
| Central Library (CL) | Central Library (CL) | General Stacks | 05/16/2016 | 2 | 301 HAR | S3H-N-403 | 09/04/2025 | 01/16/2024 | 05/16/2016 | Book |
